Sports Quiz

Random Sports or MLB Quiz

2010 MLB CF Quiz Stats

 Plays Quiz not verified by Sporcle

Score 0/68 Timer 10:00
0 Plays Today
Team CF % Correct
BALAdam Jones
93.4%
CWSAndruw Jones
92.9%
TBRB.J. Upton
92.3%
TORVernon Wells
90.7%
PHIShane Victorino
89%
LADMatt Kemp
87.9%
NYYCurtis Granderson
86.3%
LAATorii Hunter
84.6%
ARIChris Young
81.9%
MINDenard Span
81.3%
DETAustin Jackson
81.3%
HOUMichael Bourn
79.7%
PITAndrew McCutchen
79.1%
TEXJosh Hamilton
79.1%
NYMCarlos Beltran
78.6%
CLEGrady Sizemore
75.3%
WASNyjer Morgan
74.2%
NYYBrett Gardner
73.6%
BOSJacoby Ellsbury
71.4%
SEAFranklin Gutierrez
69.8%
COLCarlos Gonzalez
69.2%
NYMAngel Pagan
68.7%
FLA/SFCody Ross
68.7%
CHCMarlon Byrd
67.6%
BOSMike Cameron
67.6%
OAKRajai Davis
67%
SFAaron Rowand
65.4%
CWSAlex Rios
61.5%
STLColby Rasmus
61%
KC/ATLRick Ankiel
61%
CINDrew Stubbs
60.4%
ATLMelky Cabrera
59.3%
COLDexter Fowler
58.8%
SFAndres Torres
58.2%
Team CF % Correct
OAKCoco Crisp
58.2%
MIL/CINJim Edmonds
58.2%
MILCarlos Gomez
53.3%
ATLNate McLouth
51.1%
TEXJulio Borbon
50%
FLACameron Maybin
50%
KCDavid DeJesus
48.9%
PHIJayson Werth
44%
SDTony Gwynn Jr.
39.6%
BOSDarnell McDonald
35.2%
SDScott Hairston
30.2%
SDWill Venable
29.1%
STLJon Jay
28.6%
CLEMichael Brantley
28%
OAK/BOSEric Patterson
27.5%
LAAPeter Bourjos
26.9%
CIN/MILChris Dickerson
25.3%
ATL/KCGregor Blanco
21.4%
CLETrevor Crowe
19.8%
CHCTyler Colvin
19.2%
WASRoger Bernadina
18.1%
BOSRyan Kalish
17.6%
MILLorenzo Cain
16.5%
SEAMichael Saunders
15.9%
KCMitch Maier
14.3%
FLAEmilio Bonifacio
13.2%
DETDon Kelly
13.2%
LAAReggie Willits
13.2%
SDChris Denorfia
11%
CINChris Heisey
9.3%
HOUJason Bourgeois
7.7%
KCJarrod Dyson
5.5%
WASJustin Maxwell
3.8%
OAKGabe Gross
3.8%

You're not logged in!

Compare scores with friends on all Sporcle quizzes.
OR
Log In

Show Comments

Extras

Top Quizzes Today


Score Distribution

Your Account Isn't Verified!

In order to create a playlist on Sporcle, you need to verify the email address you used during registration. Go to your Sporcle Settings to finish the process.

Report this User

Report this user for behavior that violates our Community Guidelines.

Details: